| 000 | 02550nam a22003377a 4500 | ||
|---|---|---|---|
| 001 | PPSZ 0160 | ||
| 003 | gtcocun | ||
| 005 | 20251022170206.0 | ||
| 006 | a||||gr|||| 00| 0 | ||
| 007 | ta | ||
| 008 | 251022b2021 gt ||||| m||| 00| 0 eng d | ||
| 040 |
_agtcocun _bSPA _cgtcocun _eRDA |
||
| 041 | _aSPA PPSZ 0160 | ||
| 084 | _0PPSZ 0160 | ||
| 100 |
_aMacz Piza, Yeison EIiú _eAutor |
||
| 245 |
_aINFORME FINAL DE LA PRÁCTICA PROFESIONAL SUPERVISADA, REALIZADA EN LA FINCA PAJUILES, EN EL MUNICIPIO DE SAYAXCHÉ, PETÉN/ _cYeison EIiú Macz Piza. _hImpreso |
||
| 264 |
_aCobán, Alta Verapaz: _bUniversidad de San Carlos de Guatemala, Centro Universitario del Norte, Carrera de Técnico en Producción Pecuaria _c2021 |
||
| 300 |
_a39 p.: _bIlustraciones, gráficas. _c28 cm; |
||
| 300 | _cPDF | ||
| 336 |
_2rdacontenido _aTexto _btxt |
||
| 337 |
_2rdamedio _aComputadora _bn |
||
| 338 |
_2rdasoporte _aCódigo en línea _bcr |
||
| 502 | _ePPSZ 0160 | ||
| 502 |
_aPráctica Profesional Supervisada _bCarrera de Técnico en Producción Pecuaria, _cUniversidad de San Carlos de Guatemala, Centro Universitario del Norte, Carrera de Técnico en Producción Pecuaria _d2021 _oPPSZ 0160 |
||
| 520 | 1 | 4 | _aLa avicultura de traspatio se conceptualiza como la cría doméstica tradicional de diversas especies de aves en el país. Ante lo mencionado se caracterizó el sistema de producción y el manejo sanitario de la avicultura de traspatio, realizado en la aldea Seconti, del municipio de San Pedro Carcha, Alta Verapaz. Donde se determinó que la alimentación principal es a base de maíz (Zea mays) y el uso de forrajes como el Tzoloj (Dahlia imperialis). Las enfermedades que mayor presencia poseen son la Viruela aviar, Coriza infecciosa y Bronquitis infecciosa las cuales han causado numerosas muertes. Estas enfermedades están presentes dado que no cuentan con algún plan de vacunación y carecen de información respecto a su uso. Por ende, la avicultura de traspatio de la aldea Seconti, carece de tecnificación alguna, dado a que presenta diversas falencias en el manejo, nutrición, reproducción, sanidad e infraestructura. |
| 650 | 1 | 4 |
_2LEMB _aSayaxché, Petén _xZootecnia _xAvicultura de traspatio _xNutrición _xReproducción _xSanidad _xInfraestructura |
| 700 |
_aLic. Mauricio Arturo Quiroa Roldán _eAsesor |
||
| 856 |
_uhttps://drive.google.com/file/d/1TBh10cQ_Q3cIRx7dwj4ITz53swfjS91h/view _yPDF _zUn ejemplar en línea. |
||
| 942 |
_2ddc _cTES _iPPSZ 0160 _kClasificación _n0 _6PPSZ_0160_000000000000000 |
||
| 999 |
_c2391 _d2391 |
||